000 01159nam a22002177a 4500
003 St Aloysius Coll
005 20260418135740.0
008 260418b |||||||| |||| 00| 0 eng d
020 _a9788198870698
040 _cAL
041 _aEnglish
082 _a791.430954
_bHANY
100 _aBasil Hans V
_9262176
245 _aYodel king of hindi films
_b: kishore kumar
260 _aGhaziabad
_bP&P Academy
_c2025
300 _avii, 196p.
_bPB
_c21.5x13.9cm
365 _2General
520 _aYodel King of Hindi Films: Kishore Kumar is an exploration of his life and legacy. It seeks to uncover not only the milestones of his prolific career but also the moments of struggle, satire, spontaneity, and solitude that defined his journey. From his early days in Khandwa to the peak of his superstardom in Mumbai, from comic brilliance on screen to hauntingly beautiful ballads behind the mic-this book delves into the man behind the magic.ecdotes, sharp insights, and heartfelt tributes, this is a celebration of an artist whose genius still echoes across generations.
650 _2Public Performances
_aMotion Pictures
_9262177
942 _2ddc
_cBK
999 _c241301
_d241301